Вып. 41 : Основные исторические события 1980 г.; Из истории авиации и космонавтики

Бібліографічні деталі
Parent link:Из истории авиации и космонавтики: [сборник]/ Академия наук СССР (АН СССР) ; Советское национальное объединение историков естествознания и техники. Вып. 41 : Основные исторические события 1980 г..— , 1964-1984
Мова:Російська
Опубліковано: 1980
Предмети:
Формат: MixedMaterials Книга
KOHA link:https://koha.lib.tpu.ru/cgi-bin/koha/opac-detail.pl?biblionumber=299053

MARC

LEADER 00000nam2a2200000 4500
001 299053
005 20231102001151.0
035 |a (RuTPU)RU\TPU\book\324205 
035 |a RU\TPU\book\235488 
035 |a RU\TPU\book\235493 
090 |a 299053 
100 |a 20120514d1980 k y0rusy50 ca 
101 0 |a rus 
102 |a RU 
105 |a y z 001zy 
200 0 |a Вып. 41 : Основные исторические события 1980 г. 
210 |d 1980 
215 |a 138 с. 
320 |a Библиогр. в конце ст. 
461 1 |0 (RuTPU)RU\TPU\book\230046  |t Из истории авиации и космонавтики  |o [сборник]  |f Академия наук СССР (АН СССР) ; Советское национальное объединение историков естествознания и техники  |v Вып. 41 : Основные исторические события 1980 г.  |d 1964-1984 
606 1 |a Авиация СССР  |x История  |2 stltpush  |3 (RuTPU)RU\TPU\subj\525  |9 29424 
606 1 |a Космонавтика  |x История  |2 stltpush  |3 (RuTPU)RU\TPU\subj\15891  |9 42094 
610 1 |a естествознание 
610 1 |a историки 
610 1 |a техника 
610 1 |a персоналии 
610 1 |a юбилейные даты 
610 1 |a события 
675 |a 629.73(09)  |v 4 
675 |a 629.78(09)  |v 4 
801 1 |a RU  |b 63413507  |c 20150624 
801 2 |a RU  |b 63413507  |c 20170810  |g RCR 
942 |c BK